00283nam a2200085Ia 4500008004100000041000800041100002200049245009100071260003500162241105s9999 xx 000 0 und d aeng aWasunkar Priyanka aAuro Vrtta : A School For Creative Exploration And Teaching In Architecture And Desing bFinal Year B. Arch, BNCAc2014